000 02610nam0a2200397 4500
001 RU\NLR\BIBL_A\022392547
005 20251112150230.0
010 _a978-5-98277-394-4
_9300
021 _aRU
_bКН-П-24-063207
_9КН-П-24-6280
035 _a(NLR Aleph) 022392547
090 _a13332347
_c13332347
100 _a20241127d2024 u y0rusy50 ca
101 0 _arus
102 _aRU
105 _aah j 000yy
181 0 _ai3
_baxxe
182 0 _an
200 1 _aДеятельность специализированных противоэпидемических бригад при чрезвычайных ситуациях гидрологического характера
_eметодическое пособие
_fМ. Б. Шаракшанов, В. А. Вишняков, Е. Ю. Киселева [и др.]
_gФедеральная служба по надзору в сфере защиты прав потребителей и благополучия человека, Федеральное казенное учреждение здравоохранения "Иркутский научно-исследовательский противочумный институт Сибири и Дальнего Востока"
203 _aТекст
_bвизуальный
_cнепосредственный
210 _aИркутск
_cИНЦХТ
_d2024
215 _a75 с.
_cил., табл., факс.
_d21
300 _aАвт. указаны на обороте тит. с.
320 _aБиблиогр.: с. 27-28 (16 назв.)
606 1 _aСпециализированные противоэпидемические бригады
_jМетодические пособия
_xОрганизация работы
_92544225
_3RU\NLR\AUTH\661505971
606 1 _aЧрезвычайные ситуации
_jМетодические пособия
_xПротивоэпидемические мероприятия
_92226086
_3RU\NLR\AUTH\661336359
686 1 _aР193е(2)я8
686 1 _aР11(2)1я8
701 1 _aШаракшанов
_bМ. Б.
701 1 _aВишняков
_bВ. А.
701 1 _7ca
_8rus
_aКиселева
_bЕ. Ю.
_cканд. мед. наук
_gЕвгения Юрьевна
_92685295
_3RU\NLR\AUTH\770286468
712 0 2 _4570
_aИркутский научно-исследовательский противочумный институт Сибири и Дальнего Востока
_9527829
_3RU\NLR\AUTH\8810014979
942 _cBOOK
980 _aNB